Living the overcoming life. (Record no. 18208)

000 -LEADER
fixed length control field 00425nam a22001337a 4500
008 - FIXED-LENGTH DATA ELEMENTS--GENERAL INFORMATION
fixed length control field 120406t xxu||||| |||| 00| 0 eng d
050 ## - LIBRARY OF CONGRESS CALL NUMBER
Classification number BV 4501.2
Item number .W37 L5
100 ## - MAIN ENTRY--PERSONAL NAME
Personal name Ward, C. M.
9 (RLIN) 1117
245 ## - TITLE STATEMENT
Title Living the overcoming life.
260 ## - PUBLICATION, DISTRIBUTION, ETC. (IMPRINT)
Place of publication, distribution, etc Springfield, Mo.
Name of publisher, distributor, etc The General Council of the Assemblies of God
-- Revivaltime
Date of publication, distribution, etc 1975.
300 ## - PHYSICAL DESCRIPTION
Extent 32 pgs.
Dimensions 19 cm.
650 ## - SUBJECT ADDED ENTRY--TOPICAL TERM
Topical term or geographic name as entry element Christian life
General subdivision Summons.
9 (RLIN) 2344
942 ## - ADDED ENTRY ELEMENTS (KOHA)
Source of classification or shelving scheme
Item type Books
Copies
Source of classification or shelving scheme Permanent location Date acquired Current location Full call number Price effective from Withdrawn status Lost status Damaged status Date last seen Copy number Barcode Not for loan Shelving location Koha item type
 RHEMA Bible Training College2012-04-06RHEMA Bible Training CollegeBV 4501.2 .W37 L52012-04-06   2012-04-06122543 General StacksBooks